| 000 | 00877cab a2200229 4500 | ||
|---|---|---|---|
| 001 | ABS59579 | ||
| 008 | 090401t1998 xxu||||| |||| 00| 0 eng d | ||
| 035 | _a(Sirsi) u90047 | ||
| 041 | _aeng | ||
| 100 | _aWilliamson, H. | ||
| 245 | _aWhen `could` becomes `should`: exercising your powers as arbitrators | ||
| 260 | _c1998 | ||
| 350 | _a0 | ||
| 490 |
_aArbitration _v64(4) November 1998, 275-284(10) |
||
| 520 | _aA practical look at some of the areas of an arbitrator`s powers in the conduct of arbitrations which are particularly pertinent to property arbitrations, and how it is relevant to the exercise of these powers. | ||
| 650 | _aARBITRATION ACT 1996 | ||
| 650 | _aARBITRATIONS | ||
| 650 | _aCONDUCT | ||
| 690 | _aMANAGEMENT-DISPUTE AVOIDANCE, MANAGEMENT AND RESOLUTION-DISPUTE MANAGEMENT AND RESOLUTION-ARBITRATION | ||
| 942 | _n0 | ||
| 948 | _c01/12/1998 | ||
| 999 |
_c57025 _d57025 |
||